Malva: On My Mind (Record no. 2163)

MARC details
000 -LEADER
fixed length control field 00348nam a22001457a 4500
003 - CONTROL NUMBER IDENTIFIER
control field OSt
005 - DATE AND TIME OF LATEST TRANSACTION
control field 20160727222523.0
008 - FIXED-LENGTH DATA ELEMENTS--GENERAL INFORMATION
fixed length control field 160709b xxu||||| |||| 00| 0 eng d
040 ## - CATALOGING SOURCE
Transcribing agency TEST
100 ## - MAIN ENTRY--PERSONAL NAME
9 (RLIN) 2496
Personal name Bail, S
245 ## - TITLE STATEMENT
Title Malva: On My Mind
260 ## - PUBLICATION, DISTRIBUTION, ETC. (IMPRINT)
Place of publication, distribution, etc. N.D
Name of publisher, distributor, etc. Children Books Trust
Date of publication, distribution, etc. 2000
300 ## - PHYSICAL DESCRIPTION
Extent Malva: On My Mind
942 ## - ADDED ENTRY ELEMENTS (KOHA)
Source of classification or shelving scheme Dewey Decimal Classification
Koha item type BOOK
Holdings
Withdrawn status Lost status Source of classification or shelving scheme Damaged status Not for loan Home library Current library Shelving location Date acquired Total Checkouts Full call number Barcode Date last seen Date last checked out Price effective from Koha item type
    Dewey Decimal Classification     Good Samaritan School Library Good Samaritan School Library   07/09/2016 2 823 BAI3074 08/24/2024 07/29/2024 07/09/2016 BOOK

Powered by Koha